Interchange 1 : Student´s Book

Bewaard in:
Bibliografische gegevens
Hoofdauteur: Richards, Jack C.
Formaat: Boek
Taal:Undetermined
Gepubliceerd in: Cambridge, Reino Unido Cambridge University Press 1990
Onderwerpen:
Tags: Voeg label toe
Geen labels, Wees de eerste die dit record labelt!

MARC

LEADER 00000nam a2200000Ia 4500
008 170316s9999 xx 000 0 und d
040 |a cru BVZT 
090 |a 415-I R-4i v.1 
100 |a Richards, Jack C. 
245 |a Interchange 1 : Student´s Book 
260 |a Cambridge, Reino Unido 
260 |b Cambridge University Press 
260 |c 1990 
300 |a 134 páginas 
650 |a GRAMÁTICA INGLESA  |9 97 
999 |c 19506  |d 19506 
942 |c LIB  |h 415-I R-4i v.1  |2 z